Ο Μπετόβεν μέσα από την αλληλογραφία του

Saved in:
Bibliographic Details
Main Author: Αμαραντίδης, Αμάραντος
Format: Book
Language:Greek
Published: [χ.τ] : Νεφέλη, [19--]
Subjects:
Tags: Add Tag
No Tags, Be the first to tag this record!

MARC

LEADER 00000nam a2200000 i 4500
001 1/70768
008 960306q19701988 gre d
035 |a 1988  |b 2  |c Αγορά/Τσαφταρίδης  |l 10030750 
040 |a GR-MY-UA  |b gre  |e aacr 
041 0 |a gre 
082 0 |a 780.924 
100 1 |a Αμαραντίδης, Αμάραντος. 
245 1 2 |a Ο Μπετόβεν μέσα από την αλληλογραφία του /  |c μελέτη Αμάραντος Αμαραντίδης ; μετάφραση επιστολών Δ. Καλογρίδης 
260 |a [χ.τ] :   |b Νεφέλη,   |c [19--] 
300 |a 278 σ. 
600 1 0 |a Beethoven, Ludwig van,   |d 1770-1827. 
650 0 0 |a Musicians  |x Correspondence. 
650 0 0 |a Composers  |x Correspondence. 
852 |a INST  |b RHODES  |e 19960306  |h 780.924 ΑΜΑ  |p 005400003154  |q 005400003154  |t BK  |y 0 
909 |a Ρ  |b 011616  |c 1988